[Event "Istanbul Open 2019"]
[Site "Istanbul"]
[Date "2019.08.26"]
[Round "1.18"]
[White "Cadet, Halil Emre"]
[Black "Metin, Enis"]
[Result "1/2-1/2"]
[WhiteElo "1404"]
[BlackElo "1749"]
[Annotator "NA RC"]
[PlyCount "31"]
[EventDate "2019.08.26"]
[EventType "swiss"]
[EventCountry "TUR"]
[SourceTitle "playchess.com"]
[Source "ChessBase"]
[SourceQuality "1"]
[TimeControl "5400+30"]

1. e4 {[%emt 0:00:30]} c5 {[%emt 0:00:30]} 2. c3 {[%emt 0:00:30]} g6 {[%emt 0:00:00]} 3. d4 {[%emt 0:00:00]} cxd4 {[%emt 0:00:00]} 4. cxd4 {[%emt 0:00:00]} d5 {[%emt 0:00:00]} 5. e5 {[%emt 0:02:30]} Nc6 {[%emt 0:00:00]} 6. Nf3 {[%emt 0:00:30]} Bg4 {[%emt 0:00:30]} 7. Be2 {[%emt 0:03:30]} Nh6 {[%emt 0:00:00]} 8. Nbd2 {[%emt 0:01:30]} Bg7 {[%emt 0:03:00]} 9. Nb3 {[%emt 0:01:30]} O-O {[%emt 0:02:30]} 10. h3 {[%emt 0:00:30]} Bxf3 {[%emt 0:00:30]} 11. Bxf3 {[%emt 0:01:30]} Nf5 {[%emt 0:07:30]} 12. O-O {[%emt 0:03:30]} e6 {[%emt 0:00:30]} 13. g4 {[%emt 0:04:30]} Nh4 {[%emt 0:01:30]} 14. Be2 {[%emt 0:07:30]} f6 {[%emt 0:01:30]} 15. f4 {[%emt 0:01:30]} fxe5 {[%emt 0:02:30]} 16. fxe5 {[%emt 0:00:30]} 1/2-1/2

[Event "Istanbul Open 2019"]
[Site "Istanbul"]
[Date "2019.08.27"]
[Round "2.1"]
[White "Okus, Melih"]
[Black "Shanava, Konstantine"]
[Result "0-1"]
[WhiteElo "1959"]
[BlackElo "2496"]
[Annotator "ChessBase"]
[PlyCount "78"]
[EventDate "2019.08.26"]
[EventType "swiss"]
[EventCountry "TUR"]
[SourceTitle "playchess.com"]
[Source "ChessBase"]
[SourceQuality "1"]
[TimeControl "5400+30"]

1. e4 {[%emt 0:21:30]} c5 {[%emt 0:00:30]} 2. Nc3 {[%emt 0:00:30]} Nc6 {[%emt 0:00:30]} 3. g3 {[%emt 0:00:30]} g6 {[%emt 0:00:00]} 4. Bg2 {[%emt 0:00:30]} Bg7 {[%emt 0:00:00]} 5. f4 {[%emt 0:00:30]} d6 {[%emt 0:00:00]} 6. Nf3 {[%emt 0:00:30]} Bg4 {[%emt 0:02:00]} 7. h3 {[%emt 0:00:30]} Bxf3 {[%emt 0:00:30]} 8. Qxf3 {[%emt 0:00:30]} Nd4 {[%emt 0:03:30]} 9. Qd1 {[%emt 0:03:30]} e6 {[%emt 0:00:00]} 10. O-O {[%emt 0:00:30]} Ne7 {[%emt 0:04:00]} 11. d3 {[%emt 0:00:30]} O-O {[%emt 0:00:30]} 12. Ne2 {[%emt 0:01:30]} Rc8 {[%emt 0:00:30]} 13. c3 {[%emt 0:00:30]} Nxe2+ {[%emt 0:00:30]} 14. Qxe2 {[%emt 0:00:30]} b5 {[%emt 0:00:00]} 15. g4 {[%emt 0:00:30]} b4 {[%emt 0:00:00]} 16. Bd2 {[%emt 0:00:30]} bxc3 {[%emt 0:00:30]} 17. Bxc3 {[%emt 0:03:30]} Nc6 {[%emt 0:01:30]} 18. Bxg7 {[%emt 0:06:30]} Kxg7 {[%emt 0:01:30]} 19. f5 {[%emt 0:01:30]} Qf6 {[%emt 0:02:30]} 20. Qd2 {[%emt 0:04:30]} h6 {[%emt 0:01:30]} 21. Rf2 {[%emt 0:05:30]} Qd4 {[%emt 0:05:30]} 22. Kh1 {[%emt 0:07:30]} Ne5 {[%emt 0:03:30]} 23. Rd1 {[%emt 0:00:30]} Rb8 {[%emt 0:01:30]} 24. b3 {[%emt 0:04:30]} a5 {[%emt 0:00:30]} 25. Qb2 {[%emt 0:12:30]} Qxb2 {[%emt 0:00:30]} 26. Rxb2 {[%emt 0:01:30]} Rb4 {[%emt 0:06:30]} 27. Rbd2 {[%emt 0:03:16]} Nc6 {[%emt 0:01:30]} 28. Kh2 {[%emt 0:03:10]} Rfb8 {[%emt 0:00:30]} 29. Rf2 {[%emt 0:00:50]} Ne5 {[%emt 0:02:30]} 30. Kg3 {[%emt 0:02:33]} a4 {[%emt 0:00:30]} 31. bxa4 {[%emt 0:00:30]} Rxa4 {[%emt 0:00:30]} 32. Kf4 {[%emt 0:02:01]} Ra3 {[%emt 0:03:30]} 33. Bf1 {[%emt 0:01:51]} Rb4 {[%emt 0:00:30]} 34. h4 {[%emt 0:01:34]} Rd4 {[%emt 0:10:30]} 35. Rfd2 {[%emt 0:02:02]} g5+ {[%emt 0:01:30]} 36. hxg5 {[%emt 0:01:00]} hxg5+ {[%emt 0:00:30]} 37. Kxg5 {[%emt 0:00:15]} Nf3+ {[%emt 0:00:30]} 38. Kf4 {[%emt 0:00:28]} Nxd2 {[%emt 0:00:30]} 39. Rxd2 {[%emt 0:00:02]} Rda4 {[%emt 0:00:00]} 0-1

[Event "Istanbul Open 2019"]
[Site "Istanbul"]
[Date "2019.08.27"]
[Round "2.2"]
[White "Arat, Ufuk Sezen"]
[Black "Tarhan, Adar"]
[Result "1-0"]
[WhiteElo "2390"]
[BlackElo "1949"]
[Annotator "NA"]
[PlyCount "89"]
[EventDate "2019.08.26"]
[EventType "swiss"]
[EventCountry "TUR"]
[SourceTitle "playchess.com"]
[Source "ChessBase"]
[SourceQuality "1"]
[TimeControl "5400+30"]

1. Nf3 {[%emt 0:03:30]} Nf6 {[%emt 0:00:30]} 2. c4 {[%emt 0:00:30]} e6 {[%emt 0:00:00]} 3. g3 {[%emt 0:00:30]} d5 {[%emt 0:00:00]} 4. Bg2 {[%emt 0:00:30]} Be7 {[%emt 0:00:30]} 5. b3 {[%emt 0:00:30]} b6 {[%emt 0:00:30]} 6. O-O {[%emt 0:00:00]} Bb7 {[%emt 0:00:30]} 7. Bb2 {[%emt 0:00:00]} O-O {[%emt 0:00:30]} 8. e3 {[%emt 0:02:30]} Nbd7 {[%emt 0:01:30]} 9. Nc3 {[%emt 0:00:30]} c5 {[%emt 0:01:30]} 10. Qe2 {[%emt 0:01:30]} Rc8 {[%emt 0:00:30]} 11. d3 {[%emt 0:00:30]} Qc7 {[%emt 0:01:30]} 12. Rad1 {[%emt 0:01:30]} Rfd8 {[%emt 0:00:30]} 13. Ne1 {[%emt 0:01:30]} a6 {[%emt 0:03:30]} 14. f4 {[%emt 0:03:30]} Nf8 $14 {[%emt 0:03:30]} 15. Nf3 {[%emt 0:20:30]} Ng6 {[%emt 0:04:30]} 16. e4 {[%emt 0:10:30]} b5 {[%emt 0:02:30]} 17. e5 {[%emt 0:07:30]} Ng4 {[%emt 0:03:30]} 18. cxd5 {[%emt 0:03:30]} exd5 {[%emt 0:00:30]} 19. d4 {[%emt 0:02:30]} b4 {[%emt 0:01:30]} 20. Na4 {[%emt 0:04:30]} Bc6 {[%emt 0:00:30]} 21. Rfe1 {[%emt 0:11:30]} Bxa4 {[%emt 0:01:30]} 22. bxa4 {[%emt 0:00:30]} c4 {[%emt 0:00:30]} 23. f5 {[%emt 0:01:30]} Nh8 {[%emt 0:00:30]} 24. h3 {[%emt 0:00:30]} Nh6 {[%emt 0:00:30]} 25. g4 {[%emt 0:02:30]} Kf8 {[%emt 0:05:30]} 26. Bc1 {[%emt 0:04:36]} Ng8 {[%emt 0:00:30]} 27. Ng5 {[%emt 0:01:02]} Bxg5 {[%emt 0:00:30]} 28. Bxg5 {[%emt 0:00:01]} f6 {[%emt 0:00:30]} 29. Bf4 {[%emt 0:00:57]} c3 {[%emt 0:02:30]} 30. Qe3 {[%emt 0:01:18]} c2 {[%emt 0:01:30]} 31. Rc1 {[%emt 0:00:56]} Qc3 {[%emt 0:02:30]} 32. Qxc3 {[%emt 0:01:57]} Rxc3 {[%emt 0:00:30]} 33. Bd2 {[%emt 0:04:18]} Rc4 {[%emt 0:00:30]} 34. Bf1 {[%emt 0:00:30]} Rxd4 {[%emt 0:00:30]} 35. Be3 {[%emt 0:00:30]} Re4 {[%emt 0:00:30]} 36. Bc5+ {[%emt 0:00:30]} Ke8 {[%emt 0:00:30]} 37. Rxe4 {[%emt 0:00:30]} dxe4 {[%emt 0:00:30]} 38. e6 {[%emt 0:00:30]} Ne7 {[%emt 0:00:30]} 39. Rxc2 {[%emt 0:00:30]} g6 {[%emt 0:00:30]} 40. Bxa6 {[%emt 0:01:40]} gxf5 {[%emt 0:00:00]} 41. Bb5+ {[%emt 0:00:37]} Kf8 {[%emt 0:00:00]} 42. gxf5 {[%emt 0:00:22]} Rd5 {[%emt 0:00:00]} 43. Bxe7+ {[%emt 0:00:33]} Kxe7 {[%emt 0:00:00]} 44. Rc7+ {[%emt 0:00:30]} Kd6 {[%emt 0:00:00]} 45. Rd7+ {[%emt 0:00:00]} 1-0

[Event "Istanbul Open 2019"]
[Site "Istanbul"]
[Date "2019.08.27"]
[Round "2.3"]
[White "Ozsakallioglu, Okan"]
[Black "Akbas, Umut Ata"]
[Result "1-0"]
[WhiteElo "2324"]
[BlackElo "1986"]
[Annotator "NA"]
[PlyCount "85"]
[EventDate "2019.08.26"]
[EventType "swiss"]
[EventCountry "TUR"]
[SourceTitle "playchess.com"]
[Source "ChessBase"]
[SourceQuality "1"]
[TimeControl "5400+30"]

1. d4 {[%emt 0:00:30]} Nf6 {[%emt 0:00:30]} 2. c4 {[%emt 0:00:30]} g6 {[%emt 0:00:00]} 3. Nf3 {[%emt 0:00:30]} Bg7 {[%emt 0:00:00]} 4. g3 {[%emt 0:00:00]} O-O {[%emt 0:00:30]} 5. Bg2 {[%emt 0:00:00]} d6 {[%emt 0:00:00]} 6. O-O {[%emt 0:00:00]} a6 {[%emt 0:01:00]} 7. Nc3 {[%emt 0:02:00]} Nc6 {[%emt 0:00:00]} 8. Bg5 {[%emt 0:03:30]} h6 {[%emt 0:02:00]} 9. Bf4 {[%emt 0:01:30]} Bf5 {[%emt 0:05:30]} 10. Rc1 {[%emt 0:11:30]} Ne4 {[%emt 0:06:30]} 11. Nxe4 {[%emt 0:02:30]} Bxe4 $14 {[%emt 0:00:30]} 12. d5 {[%emt 0:00:30]} Nb8 {[%emt 0:09:30]} 13. Qd2 {[%emt 0:02:30]} Kh7 {[%emt 0:01:30]} 14. h4 {[%emt 0:00:30]} Nd7 {[%emt 0:01:30]} 15. h5 {[%emt 0:00:00]} Nf6 {[%emt 0:00:30]} 16. hxg6+ {[%emt 0:00:00]} Bxg6 {[%emt 0:02:30]} 17. Nh4 {[%emt 0:00:30]} Qd7 {[%emt 0:01:30]} 18. Rfe1 {[%emt 0:01:30]} Ne4 {[%emt 0:10:30]} 19. Qc2 {[%emt 0:03:30]} Ng5 {[%emt 0:01:30]} 20. Nxg6 {[%emt 0:15:30]} fxg6 {[%emt 0:00:30]} 21. Bxg5 {[%emt 0:00:00]} hxg5 {[%emt 0:00:30]} 22. Be4 {[%emt 0:00:00]} Qh3 {[%emt 0:09:30]} 23. Bxg6+ {[%emt 0:02:30]} Kh6 {[%emt 0:02:30]} 24. Be4 {[%emt 0:01:30]} Rxf2 {[%emt 0:01:30]} 25. Kxf2 {[%emt 0:00:30]} Bd4+ {[%emt 0:00:30]} 26. e3 {[%emt 0:00:30]} Qh2+ {[%emt 0:01:30]} 27. Bg2 {[%emt 0:00:30]} Rf8+ {[%emt 0:00:30]} 28. Ke2 {[%emt 0:00:30]} Qxg2+ {[%emt 0:00:00]} 29. Kd3 {[%emt 0:00:00]} Rf2 {[%emt 0:02:00]} 30. Re2 {[%emt 0:01:00]} Bxe3 {[%emt 0:00:30]} 31. Rxf2 {[%emt 0:01:30]} Bxf2 {[%emt 0:01:30]} 32. Qe2 {[%emt 0:00:30]} Qxg3+ {[%emt 0:01:30]} 33. Kc2 {[%emt 0:00:30]} Qe3 {[%emt 0:07:30]} 34. Rh1+ {[%emt 0:00:30]} Kg7 {[%emt 0:00:30]} 35. Qxe3 {[%emt 0:01:30]} Bxe3 {[%emt 0:00:30]} 36. Kd3 {[%emt 0:01:30]} Bf4 {[%emt 0:07:30]} 37. Ke4 {[%emt 0:00:30]} Be5 {[%emt 0:00:30]} 38. Kf5 {[%emt 0:00:30]} Bf6 {[%emt 0:00:30]} 39. b4 {[%emt 0:00:30]} b6 {[%emt 0:00:30]} 40. Rh3 {[%emt 0:00:30]} a5 {[%emt 0:00:30]} 41. bxa5 {[%emt 0:00:30]} bxa5 {[%emt 0:00:30]} 42. Ra3 {[%emt 0:00:30]} Kh6 {[%emt 0:00:30]} 43. Ke4 {[%emt 0:00:30]} 1-0

[Event "Istanbul Open 2019"]
[Site "Istanbul"]
[Date "2019.08.27"]
[Round "2.5"]
[White "Kamer, Kayra"]
[Black "Suleymanli, Suleyman"]
[Result "1-0"]
[WhiteElo "2306"]
[BlackElo "2021"]
[Annotator "TA"]
[PlyCount "97"]
[EventDate "2019.08.26"]
[EventType "swiss"]
[EventCountry "TUR"]
[SourceTitle "playchess.com"]
[Source "ChessBase"]
[SourceQuality "1"]

{[%evp 9,97,-10,25,25,54,50,56,3,38,23,23,0,0,0,0,-22,-6,-51,-36,-48,13,8,53,-106,28,-4,100,-46,0,0,28,25,25,9,32,46,86,-9,103,0,47,-33,-45,-34,-39,-35,0,-19,0,-23,0,-51,0,0,0,-75,-16,-27,-38,-52,62,16,214,201,226,239,354,354,436,421,396,399,558,579,566,571,742,733,700,693,29990,0,29991,29992,29992,29993,29993,29990,29990,29991]} 1. g3 d5 2. Bg2 Nf6 3. d3 c6 4. Nd2 Bf5 5. b3 e6 6. Bb2 {A00: Irregular Openings} Be7 7. e4 Bg6 8. Qe2 $146 (8. Ne2 $14) ({Predecessor:} 8. Ne2 Nbd7 9. e5 Ng8 10. Nf4 Bg5 {1-0 (66) Baghdasaryan,V (2436)-Spichkin,A (2130) Moscow 2016}) 8... O-O 9. Ngf3 Nbd7 10. e5 Ne8 11. h4 h6 12. h5 Bh7 13. Nh4 Nc7 14. f4 f6 (14... b5 $15) 15. Ndf3 fxe5 16. fxe5 $2 (16. Nxe5 $14 Nxe5 17. Bxe5 (17. Qxe5 $2 Bf6 $19)) 16... Bg5 (16... Bb4+ $17 17. c3 Be7) 17. Ng6 Rf7 (17... Bxg6 $1 $11 18. hxg6 c5) 18. g4 (18. O-O $16) 18... Nf8 (18... Bxg6 $5 19. hxg6 Rf4 $11) 19. Nxg5 Qxg5 20. Bc1 Qd8 21. Nh4 Nb5 22. Nf3 Qb6 23. Be3 (23. Bb2 $16) 23... Qa5+ (23... d4 $1 $11 24. Bf2 Nd7) 24. Bd2 (24. Qd2 $16 Qa3 25. O-O) 24... Qb6 25. Rh3 (25. Qe3 $14) 25... Nd4 26. Nxd4 Qxd4 27. c3 $1 {[%cal Rc3d4]} Qg1+ 28. Bf1 Qb6 29. Qe3 Nd7 30. d4 (30. Qxb6 $11 axb6 31. d4) 30... Raf8 ({Better is} 30... c5 $15) 31. Be2 $11 c5 32. O-O-O (32. g5 $11 {keeps the balance.} hxg5 33. h6) 32... Rc8 (32... cxd4 $17 33. cxd4 a5) 33. Kb2 cxd4 34. cxd4 Rc2+ ({Black should play} 34... Nb8 $1 $15 35. Ka1 Nc6) 35. Ka1 $14 Qc6 $2 (35... Nb8 $1 $11 36. Bd3 Bxd3 37. Qxd3 Rcc7) 36. Bd3 $18 Bxd3 37. Qxd3 Qc7 (37... Nb6 $142 38. Kb1 Rc7) 38. Kb1 Rc6 39. g5 hxg5 40. h6 {hxg7 is the strong threat.} Nf8 ({Don't play} 40... g4 41. hxg7 $3 {[%mdl 512]} Rxg7 42. Rdh1 $3 $18 {[%mdl 512]}) 41. hxg7 Rxg7 42. Rdh1 {Rh8+ would kill now.} Nh7 {[#]} 43. Rxh7 $1 {[%mdl 576] Deflection, Decoy} Rxh7 44. Qg6+ {[%mdl 64] Double Attack} Kh8 45. Qe8+ Kg7 {[#]} 46. Rg1 $1 {[%mdl 512] White mates.} Qf7 47. Rxg5+ Kh6 48. Rf5+ {[%mdl 64] Discovered Attack} Kg6 49. Rf6+ {[%mdl 64] Pin. Accuracy: White = 43%, Black = 18%.} 1-0

[Event "Istanbul Open 2019"]
[Site "Istanbul"]
[Date "2019.08.27"]
[Round "2.6"]
[White "Akin, Yagiz Cinar"]
[Black "Citak, Selim"]
[Result "0-1"]
[WhiteElo "1953"]
[BlackElo "2263"]
[Annotator "ChessBase"]
[PlyCount "102"]
[EventDate "2019.08.26"]
[EventType "swiss"]
[EventCountry "TUR"]
[SourceTitle "playchess.com"]
[Source "ChessBase"]
[SourceQuality "1"]
[TimeControl "5400+30"]

1. Nf3 {[%emt 0:00:30]} Nf6 {[%emt 0:01:30]} 2. g3 {[%emt 0:00:00]} d5 {[%emt 0:00:00]} 3. Bg2 {[%emt 0:02:00]} Nc6 {[%emt 0:00:00]} 4. d4 {[%emt 0:00:30]} Bf5 {[%emt 0:00:30]} 5. O-O {[%emt 0:02:30]} e6 {[%emt 0:00:00]} 6. Bf4 {[%emt 0:00:30]} Bd6 {[%emt 0:02:00]} 7. Bg5 {[%emt 0:04:30]} h6 {[%emt 0:01:30]} 8. Bxf6 {[%emt 0:03:30]} Qxf6 {[%emt 0:00:00]} 9. c4 {[%emt 0:02:30]} O-O {[%emt 0:08:00]} 10. Nc3 {[%emt 0:01:30]} dxc4 {[%emt 0:08:30]} 11. h3 {[%emt 0:01:30]} e5 {[%emt 0:05:30]} 12. d5 {[%emt 0:10:30]} Nd4 {[%emt 0:02:30]} 13. Nd2 {[%emt 0:02:30]} Bc2 {[%emt 0:04:30]} 14. Qc1 {[%emt 0:13:30]} Bb4 {[%emt 0:03:30]} 15. e3 {[%emt 0:01:30]} Bxc3 {[%emt 0:01:30]} 16. exd4 {[%emt 0:00:30]} Bxd2 {[%emt 0:00:30]} 17. Qxc2 {[%emt 0:00:00]} Ba5 {[%emt 0:01:30]} 18. dxe5 {[%emt 0:03:00]} Qxe5 {[%emt 0:00:00]} 19. Qxc4 {[%emt 0:00:30]} Qxb2 {[%emt 0:00:00]} 20. Rab1 {[%emt 0:00:30]} Qf6 {[%emt 0:03:30]} 21. Rxb7 {[%emt 0:04:30]} Bb6 {[%emt 0:00:00]} 22. Qc6 {[%emt 0:02:30]} Qd4 {[%emt 0:03:00]} 23. d6 {[%emt 0:05:30]} Qxd6 {[%emt 0:04:30]} 24. Qxd6 {[%emt 0:00:30]} cxd6 {[%emt 0:00:30]} 25. Bd5 {[%emt 0:00:30]} Rae8 {[%emt 0:00:30]} 26. Bc4 {[%emt 0:07:30]} Re4 {[%emt 0:02:30]} 27. Bb3 {[%emt 0:06:30]} Re2 {[%emt 0:00:30]} 28. Kg2 {[%emt 0:05:16]} g5 {[%emt 0:00:00]} 29. g4 {[%emt 0:01:37]} Kg7 {[%emt 0:00:00]} 30. Kg3 {[%emt 0:00:30]} Kg6 {[%emt 0:00:30]} 31. Rd1 {[%emt 0:03:33]} Bc5 {[%emt 0:02:30]} 32. Bc4 {[%emt 0:01:22]} Re5 {[%emt 0:05:30]} 33. a4 {[%emt 0:04:44]} Kf6 {[%emt 0:01:30]} 34. f3 {[%emt 0:01:53]} Re7 {[%emt 0:00:30]} 35. Rxe7 {[%emt 0:03:14]} Kxe7 {[%emt 0:00:30]} 36. f4 {[%emt 0:00:01]} f5 {[%emt 0:03:30]} 37. fxg5 {[%emt 0:01:53]} hxg5 {[%emt 0:00:30]} 38. Rd5 {[%emt 0:02:55]} f4+ {[%emt 0:05:30]} 39. Kf3 {[%emt 0:00:04]} Rh8 {[%emt 0:00:00]} 40. Kg2 {[%emt 0:02:13]} Be3 {[%emt 0:01:00]} 41. Be2 {[%emt 0:01:01]} Rc8 {[%emt 0:03:30]} 42. Kf3 {[%emt 0:00:47]} Rc3 {[%emt 0:00:30]} 43. Ke4 {[%emt 0:00:12]} Ra3 {[%emt 0:02:30]} 44. a5 {[%emt 0:00:26]} Bc5 {[%emt 0:04:30]} 45. Bd3 {[%emt 0:00:08]} Ke6 {[%emt 0:01:30]} 46. Rxg5 {[%emt 0:01:09]} d5+ {[%emt 0:00:00]} 47. Kxf4 {[%emt 0:00:13]} Rxd3 {[%emt 0:00:00]} 48. Rh5 {[%emt 0:00:00]} Bd6+ {[%emt 0:02:30]} 49. Kg5 {[%emt 0:00:00]} d4 {[%emt 0:00:30]} 50. Kh6 {[%emt 0:00:01]} Rg3 {[%emt 0:00:30]} 51. g5 {[%emt 0:00:22]} Bf4 {[%emt 0:01:30]} 0-1

[Event "Istanbul Open 2019"]
[Site "Istanbul"]
[Date "2019.08.27"]
[Round "2.7"]
[White "Nuri, Murad"]
[Black "Rahimli, Ilkin"]
[Result "1/2-1/2"]
[WhiteElo "2291"]
[BlackElo "1992"]
[Annotator "RC"]
[PlyCount "90"]
[EventDate "2019.08.26"]
[EventType "swiss"]
[EventCountry "TUR"]
[SourceTitle "playchess.com"]
[Source "ChessBase"]
[SourceQuality "1"]
[TimeControl "5400+30"]

1. e4 {[%emt 0:01:30]} c5 {[%emt 0:00:30]} 2. Nf3 {[%emt 0:00:30]} d6 {[%emt 0:00:00]} 3. Bb5+ {[%emt 0:00:30]} Nc6 {[%emt 0:00:00]} 4. O-O {[%emt 0:00:30]} Bd7 {[%emt 0:01:30]} 5. Re1 {[%emt 0:01:30]} g6 {[%emt 0:08:30]} 6. c3 {[%emt 0:02:30]} Bg7 {[%emt 0:00:30]} 7. h3 {[%emt 0:00:30]} Nf6 {[%emt 0:20:30]} 8. d4 {[%emt 0:01:30]} cxd4 {[%emt 0:03:30]} 9. cxd4 {[%emt 0:00:00]} O-O {[%emt 0:00:30]} 10. Nc3 {[%emt 0:02:00]} Ne8 {[%emt 0:06:30]} 11. Bg5 {[%emt 0:12:30]} Nc7 {[%emt 0:04:30]} 12. Bf1 {[%emt 0:20:30]} h6 {[%emt 0:06:30]} 13. Be3 {[%emt 0:01:30]} e6 {[%emt 0:05:30]} 14. Qd2 {[%emt 0:14:30]} Kh7 {[%emt 0:00:30]} 15. Rad1 {[%emt 0:01:30]} Ne7 {[%emt 0:05:30]} 16. e5 {[%emt 0:14:30]} d5 {[%emt 0:02:30]} 17. g4 {[%emt 0:02:30]} Nc6 {[%emt 0:10:30]} 18. Bf4 {[%emt 0:02:49]} f5 {[%emt 0:06:03]} 19. g5 {[%emt 0:00:16]} h5 {[%emt 0:00:41]} 20. Rc1 {[%emt 0:00:22]} Rf7 {[%emt 0:00:13]} 21. Ne2 {[%emt 0:03:47]} Bf8 {[%emt 0:01:01]} 22. a3 {[%emt 0:00:01]} Ne8 {[%emt 0:00:35]} 23. b4 {[%emt 0:09:48]} a5 {[%emt 0:00:30]} 24. b5 {[%emt 0:00:05]} Na7 {[%emt 0:00:23]} 25. a4 {[%emt 0:00:03]} Bb4 {[%emt 0:00:00]} 26. Nc3 {[%emt 0:00:03]} Nc8 {[%emt 0:00:12]} 27. Qa2 {[%emt 0:02:41]} Nb6 {[%emt 0:01:17]} 28. Bd2 {[%emt 0:00:08]} Rc8 {[%emt 0:00:40]} 29. h4 {[%emt 0:04:42]} Qe7 {[%emt 0:03:26]} 30. Rc2 {[%emt 0:01:14]} Ng7 {[%emt 0:01:30]} 31. Rec1 {[%emt 0:00:27]} Ba3 {[%emt 0:02:55]} 32. Ra1 {[%emt 0:00:18]} Bb4 {[%emt 0:00:08]} 33. Rac1 {[%emt 0:00:01]} Rff8 {[%emt 0:00:59]} 34. Qb3 {[%emt 0:01:01]} f4 {[%emt 0:01:42]} 35. Bd3 {[%emt 0:01:05]} Nc4 {[%emt 0:00:15]} 36. Be1 {[%emt 0:00:00]} Nf5 {[%emt 0:00:49]} 37. Bxf5 {[%emt 0:00:15]} Rxf5 {[%emt 0:00:16]} 38. Na2 {[%emt 0:00:06]} Ba3 {[%emt 0:00:36]} 39. Rd1 {[%emt 0:01:13]} Rff8 {[%emt 0:00:04]} 40. Nc1 {[%emt 0:00:23]} Bxc1 {[%emt 0:02:44]} 41. Rdxc1 {[%emt 0:00:43]} Qf7 {[%emt 0:00:03]} 42. Qd3 {[%emt 0:00:07]} Nb2 {[%emt 0:00:18]} 43. Qa3 {[%emt 0:00:24]} Nc4 {[%emt 0:01:45]} 44. Qd3 {[%emt 0:00:04]} Nb2 {[%emt 0:00:00]} 45. Qa3 {[%emt 0:01:18]} Nc4 {[%emt 0:00:39]} 1/2-1/2

[Event "Istanbul Open 2019"]
[Site "Istanbul"]
[Date "2019.08.27"]
[Round "2.8"]
[White "Ozdemir, Serhan Berat"]
[Black "Darban, Morteza"]
[Result "1/2-1/2"]
[WhiteElo "1978"]
[BlackElo "2280"]
[Annotator "NA"]
[PlyCount "68"]
[EventDate "2019.08.26"]
[EventType "swiss"]
[EventCountry "TUR"]
[SourceTitle "playchess.com"]
[Source "ChessBase"]
[SourceQuality "1"]
[TimeControl "5400+30"]

1. e4 {[%emt 0:00:30]} Nf6 {[%emt 0:02:30]} 2. e5 {[%emt 0:00:00]} Nd5 {[%emt 0:00:00]} 3. d4 {[%emt 0:00:00]} d6 {[%emt 0:00:00]} 4. Nf3 {[%emt 0:00:30]} g6 {[%emt 0:00:30]} 5. Bc4 {[%emt 0:00:00]} c6 {[%emt 0:00:00]} 6. O-O {[%emt 0:02:00]} Bg7 {[%emt 0:00:00]} 7. h3 {[%emt 0:00:30]} O-O {[%emt 0:00:00]} 8. Re1 {[%emt 0:01:30]} a5 {[%emt 0:03:00]} 9. a4 {[%emt 0:04:30]} Na6 {[%emt 0:02:30]} 10. Nc3 $14 {[%emt 0:05:30]} Nxc3 {[%emt 0:35:30]} 11. bxc3 {[%emt 0:00:30]} d5 {[%emt 0:00:00]} 12. Bf1 {[%emt 0:01:30]} Nc7 {[%emt 0:12:00]} 13. Be3 {[%emt 0:00:30]} b6 {[%emt 0:04:30]} 14. Qd2 {[%emt 0:00:30]} Ba6 {[%emt 0:01:30]} 15. Nh2 {[%emt 0:00:30]} Bxf1 {[%emt 0:01:30]} 16. Rxf1 {[%emt 0:00:30]} f6 {[%emt 0:03:30]} 17. exf6 {[%emt 0:06:30]} exf6 {[%emt 0:00:00]} 18. Bh6 {[%emt 0:00:30]} Ne8 {[%emt 0:02:00]} 19. Bxg7 {[%emt 0:01:30]} Kxg7 {[%emt 0:00:00]} 20. Ng4 {[%emt 0:01:30]} Nd6 {[%emt 0:00:00]} 21. Rfe1 {[%emt 0:00:30]} Qd7 {[%emt 0:00:30]} 22. Re2 {[%emt 0:01:30]} g5 {[%emt 0:10:30]} 23. Rae1 {[%emt 0:05:30]} Rae8 {[%emt 0:00:30]} 24. Qd3 {[%emt 0:04:30]} Rxe2 {[%emt 0:07:42]} 25. Rxe2 {[%emt 0:01:30]} h5 {[%emt 0:00:13]} 26. Ne3 {[%emt 0:00:00]} Re8 {[%emt 0:08:12]} 27. Nf5+ {[%emt 0:01:00]} Nxf5 {[%emt 0:00:40]} 28. Rxe8 {[%emt 0:00:30]} Qxe8 {[%emt 0:00:30]} 29. Qxf5 {[%emt 0:00:00]} h4 {[%emt 0:00:00]} 30. Kf1 {[%emt 0:01:00]} Qe4 {[%emt 0:05:45]} 31. Qd7+ {[%emt 0:06:30]} Kg6 {[%emt 0:00:03]} 32. Qd8 {[%emt 0:01:30]} Qxc2 {[%emt 0:01:47]} 33. Qg8+ {[%emt 0:00:30]} Kh6 {[%emt 0:00:30]} 34. Qh8+ {[%emt 0:00:30]} Kg6 {[%emt 0:00:00]} 1/2-1/2

[Event "Istanbul Open 2019"]
[Site "Istanbul"]
[Date "2019.08.27"]
[Round "2.10"]
[White "Tirak, Mert"]
[Black "Aliakbarov, Anar"]
[Result "0-1"]
[WhiteElo "1953"]
[BlackElo "2265"]
[Annotator "ChessBase"]
[PlyCount "84"]
[EventDate "2019.08.26"]
[EventType "swiss"]
[EventCountry "TUR"]
[SourceTitle "playchess.com"]
[Source "ChessBase"]
[SourceQuality "1"]
[TimeControl "5400+30"]

1. e4 {[%emt 0:00:30]} e5 {[%emt 0:00:30]} 2. Nf3 {[%emt 0:01:30]} Nc6 {[%emt 0:00:30]} 3. c3 {[%emt 0:00:30]} Nf6 {[%emt 0:06:30]} 4. d4 {[%emt 0:00:30]} exd4 {[%emt 0:00:30]} 5. e5 {[%emt 0:00:30]} Ne4 {[%emt 0:00:30]} 6. Qe2 {[%emt 0:00:30]} f5 {[%emt 0:26:30]} 7. exf6 {[%emt 0:00:30]} d5 {[%emt 0:00:30]} 8. Nxd4 {[%emt 0:18:30]} Nxd4 {[%emt 0:02:30]} 9. cxd4 {[%emt 0:00:30]} Qxf6 {[%emt 0:19:30]} 10. f3 {[%emt 0:02:30]} Bb4+ {[%emt 0:00:30]} 11. Bd2 {[%emt 0:01:30]} O-O {[%emt 0:06:30]} 12. Bxb4 {[%emt 0:04:30]} Re8 {[%emt 0:00:30]} 13. fxe4 {[%emt 0:08:30]} Rxe4 {[%emt 0:00:30]} 14. Qxe4 {[%emt 0:04:30]} dxe4 {[%emt 0:00:30]} 15. Bc4+ {[%emt 0:00:30]} Be6 {[%emt 0:00:30]} 16. Bxe6+ {[%emt 0:00:30]} Qxe6 {[%emt 0:00:30]} 17. O-O {[%emt 0:08:30]} e3 {[%emt 0:01:30]} 18. Re1 {[%emt 0:03:30]} Qf6 {[%emt 0:03:30]} 19. Bc3 {[%emt 0:13:30]} Qf2+ {[%emt 0:00:30]} 20. Kh1 {[%emt 0:00:30]} Rf8 {[%emt 0:01:30]} 21. Na3 {[%emt 0:11:01]} e2 {[%emt 0:04:30]} 22. Rg1 {[%emt 0:01:32]} Rf5 {[%emt 0:03:14]} 23. Nc2 {[%emt 0:08:38]} Rh5 {[%emt 0:04:12]} 24. Rge1 {[%emt 0:02:51]} Qf4 {[%emt 0:02:19]} 25. Kg1 {[%emt 0:04:50]} Rxh2 {[%emt 0:01:58]} 26. Rxe2 {[%emt 0:01:37]} Qh4 {[%emt 0:00:30]} 27. Re8+ {[%emt 0:00:30]} Kf7 {[%emt 0:00:00]} 28. Kf1 {[%emt 0:00:07]} Kxe8 {[%emt 0:00:20]} 29. Re1+ {[%emt 0:00:24]} Kf7 {[%emt 0:01:04]} 30. Re3 {[%emt 0:00:09]} Qg4 {[%emt 0:00:42]} 31. Ne1 {[%emt 0:00:22]} Rh1+ {[%emt 0:03:09]} 32. Kf2 {[%emt 0:00:07]} Qh4+ {[%emt 0:00:06]} 33. Ke2 {[%emt 0:01:45]} Rxe1+ {[%emt 0:04:09]} 34. Bxe1 {[%emt 0:00:30]} Qxd4 {[%emt 0:00:00]} 35. Bc3 {[%emt 0:00:29]} Qc4+ {[%emt 0:00:19]} 36. Kf2 {[%emt 0:00:05]} Qxa2 {[%emt 0:00:04]} 37. Rf3+ {[%emt 0:00:15]} Ke6 {[%emt 0:01:20]} 38. Bxg7 {[%emt 0:00:07]} Qb1 {[%emt 0:00:17]} 39. g4 {[%emt 0:00:44]} Qg6 {[%emt 0:00:36]} 40. Re3+ {[%emt 0:01:15]} Kd7 {[%emt 0:00:14]} 41. Be5 {[%emt 0:00:26]} Qxg4 {[%emt 0:00:24]} 42. Rd3+ {[%emt 0:00:15]} Kc8 {[%emt 0:00:36]} 0-1